000
00252nam a2200097Ia 4500
005
20251222114345.0
008
251222s1900||||xx |||||||||||||| ||spa||
082
_a
DVD0060/H53/2003
245
0
_a
Cuando llegue mi hombre:Wenn der Richtige Kommt
942
_c
DVD
999
_c
1009
_d
1009